000 00564nam 22001933 4500
001 197474
021 _b53086/92
090 _a197474
100 _a20250806d u||y0pory50 ba
200 _aA revolução na empresa
_eas tecnologias da informação na gestão empersarial
_fRobert Heller
205 _a
210 _aLisboa
_cEditorial Presença
_d1993
215 _a251 p.
_cbrochado
_d21 cm
606 _91108
_aGestão empresarial
675 _a658
_vPT
_zpor
700 _913521
_aHeller
_bRobert
801 _aPT
_bBMMN
_gRPC
830 _cFernando
_fFernando
990 _cLIVROS